[Event "Ceske Budejovice op-B"]
[Site "Ceske Budejovice"]
[Date "2022.07.09"]
[Round "9"]
[White "Sknouril, Jakub"]
[Black "Jovanovic, Nikola B"]
[Result "0-1"]
[WhiteElo "1261"]
[BlackElo "1247"]
[PlyCount "58"]
[EventDate "2022.07.01"]
[EventType "swiss"]
[EventRounds "9"]
[EventCountry "CZE"]
[SourceTitle "EXT 2023"]
[Source "ChessBase"]
[SourceDate "2022.10.05"]
[SourceVersion "1"]
[SourceVersionDate "2022.10.05"]
[SourceQuality "1"]

1. e4 e5 2. Nf3 Nc6 3. Nc3 Nf6 4. d3 Bb4 5. Bd2 0-0 6. Be2 d6 7. a3 Bxc3 8. Bxc3 Bg4 9. h3 Bh5 10. 0-0 d5 11. Nxe5 Nxe5 12. Bxh5 d4 13. Bd2 Qd7 14. Bf4 Ng6 15. Bh2 Rae8 16. Bxg6 fxg6 17. Qd2 Nh5 18. Qb4 Nf4 19. Qc4+ Kh8 20. Bxf4 Rxf4 21. Qb4 h5 22. Qxb7 Re5 23. Qxa7 Rg5 24. Kh2 Rh4 25. f4 Rxg2+ 26. Kxg2 Qxh3+ 27. Kf2 Qe3+ 28. Kg2 Rg4+ 29. Kh2 Qg3+ 0-1